دور العلم و التكنولوجيا في التنمية عن الندوة الوطنية الثانية / (رقم التسجيلة. 21988)

تفاصيل مارك
000 -LEADER
fixed length control field 00707nam a22001817a 4500
005 - DATE AND TIME OF LATEST TRANSACTION
control field 20251108165212.0
008 - FIXED-LENGTH DATA ELEMENTS--GENERAL INFORMATION
fixed length control field 250721s1985 xx 000 0 ara d
082 14 - DEWEY DECIMAL CLASSIFICATION NUMBER
Classification number 609.5669/كوي
100 1# - MAIN ENTRY--PERSONAL NAME
Personal name بشاره، أحمد
Relator term تحرير
245 10 - TITLE STATEMENT
Title دور العلم و التكنولوجيا في التنمية عن الندوة الوطنية الثانية /
264 1# - PRODUCTION, PUBLICATION, DISTRIBUTION, MANUFACTURE, AND COPYRIGHT NOTICE
Place of production, publication, distribution, manufacture الكويت :
Name of producer, publisher, distributor, manufacturer شركة كاظمه للنشر و الترجمة و التوزيع،
Date of production, publication, distribution, manufacture, or copyright notice 1985.
300 ## - PHYSICAL DESCRIPTION
Extent 199ص
650 17 - SUBJECT ADDED ENTRY--TOPICAL TERM
Topical term or geographic name as entry element التكنولوجيا
650 17 - SUBJECT ADDED ENTRY--TOPICAL TERM
Topical term or geographic name as entry element الكويت
710 2# - ADDED ENTRY--CORPORATE NAME
Corporate name or jurisdiction name as entry element الكويت . وزارة التخطيطي . معهد الكويت للأبحاث العلمية
942 ## - ADDED ENTRY ELEMENTS (KOHA)
Source of classification or shelving scheme Dewey Decimal Classification
Koha item type كتب
المقتنيات
حالة السحب حالة الفقدان مصدر التصنيف حالة التلف غير قابل للإعارة المكتبة الرئيسية المكتبة الحالية موقع الرف تاريخ التزويد الرقم المتسلسل Total Checkouts رقم الإستدعاء الباركود تاريخ آخر ظهور تاريخ الفاتورة نوع المادة (كوها)
    Dewey Decimal Classification     المكتبة المركزية المكتبة المركزية الإعارة 06/07/2004 121243   609.5669/كوي 121243 28/07/2025 06/07/2004 كتب
Implemented & Customized by: BBB with SCIT (Smart Chains for Information Technology)

Powered by Koha